000 00281nam a22001337a 4500
008 171013b xxu||||| |||| 00| 0 eng d
020 _a9780130223739
041 _aeng
080 _a316
100 _a50
101 _aSOC
245 _aSOCIOLOGY
_cLINDSEY, L.L
942 _2udc
_cBK
999 _c33631
_d33631